बृहदारण्यकोपनिषद्भाष्यार्थ (Record no. 119502)

MARC details
000 -LEADER
fixed length control field 00558nam a2200145Ia 4500
008 - FIXED-LENGTH DATA ELEMENTS--GENERAL INFORMATION
fixed length control field 090124s9999 xx 000 0 und d
082 ## - DEWEY DECIMAL CLASSIFICATION NUMBER
Item number 5561
Classification number 861
245 ## - TITLE STATEMENT
Title बृहदारण्यकोपनिषद्भाष्यार्थ
250 ## - EDITION STATEMENT
Edition statement 1
260 ## - PUBLICATION, DISTRIBUTION, ETC. (IMPRINT)
Date of publication, distribution, etc 1937
630 ## - SUBJECT ADDED ENTRY--UNIFORM TITLE
Uniform title बृहदारण्यकोपनिषद्भाष्यार्थ
700 ## - ADDED ENTRY--PERSONAL NAME
Personal name बापट वि. वा. (विष्णु वा.)
730 ## - ADDED ENTRY--UNIFORM TITLE
Uniform title बृहदारण्यकोपनिषद्भाष्यार्थ
942 ## - ADDED ENTRY ELEMENTS (KOHA)
Koha item type Book
Holdings
Withdrawn status Lost status Damaged status Not for loan Home library Current library Date acquired Cost, normal purchase price Total Checkouts Full call number Barcode Date last seen Cost, replacement price Price effective from Koha item type
        Marathi Granth Sangrahalaya,Thane Marathi Granth Sangrahalaya,Thane   3.00   5561 THNMGS-5561 01/24/2009 3.00 01/24/2009 Book